000 00678cam a2200193 i 4500
020 _a18132316
040 _cDLC
082 _aAGR BUN 2017 C326 Or.
100 0 _aNipon Poapongsakorn,
245 1 0 _aAgricultural policy and institutional reforms in Thailand :
_bexperiences, impacts, and lessons /
250 _a2nd edition.
300 _axviii, 81 pages ;
_c26 cm.
_b2017.
490 0 _aSoutheast Asian agriculture and development primer series,
650 0 _aAgriculture and state
650 0 _aAgricultural innovations
700 0 _aIsriya Nitithanprapas Bunyasiri,
710 2 _aSEAMEO Regional Center for Graduate Study and Research in Agriculture,
942 _cAEDBB
999 _c22253
_d22253